Arising challenges in taxation - the treatment of cryptocurrency [abstract] /
Elmentve itt :
| Szerző: | |
|---|---|
| Testületi szerző: | |
| Dokumentumtípus: | Könyv része |
| Megjelent: |
Szegedi Tudományegyetem Állam- és Jogtudományi Doktori Iskola
Szeged
2022
|
| Sorozat: | Szegedi Jogász Doktorandusz Konferenciák
12 Az állam és jog digitális környezete a 21. században 12 |
| Kulcsszavak: | Pénzügy - virtuális fizetőeszköz - előadáskivonat, Kriptovaluta - előadáskivonat, Adózás - előadáskivonat |
| Tárgyszavak: | |
| Online Access: | http://acta.bibl.u-szeged.hu/77809 |
| LEADER | 01191naa a2200253 i 4500 | ||
|---|---|---|---|
| 001 | acta77809 | ||
| 005 | 20231205111815.0 | ||
| 008 | 221130s2022 hu o 1|| eng d | ||
| 020 | |a 978-963-306-875-5 | ||
| 022 | |a 2063-3807 | ||
| 040 | |a SZTE Egyetemi Kiadványok Repozitórium |b hun | ||
| 041 | |a eng | ||
| 100 | 1 | |a Szívós Alexander | |
| 245 | 1 | 0 | |a Arising challenges in taxation - the treatment of cryptocurrency |h [elektronikus dokumentum] : |b [abstract] / |c Szívós Alexander |
| 260 | |a Szegedi Tudományegyetem Állam- és Jogtudományi Doktori Iskola |b Szeged |c 2022 | ||
| 300 | |a 37 | ||
| 490 | 0 | |a Szegedi Jogász Doktorandusz Konferenciák |v 12 | |
| 490 | 0 | |a Az állam és jog digitális környezete a 21. században |v 12 | |
| 650 | 4 | |a Társadalomtudományok | |
| 650 | 4 | |a Közgazdasági és gazdálkodástudományok | |
| 650 | 4 | |a Jogtudomány | |
| 695 | |a Pénzügy - virtuális fizetőeszköz - előadáskivonat, Kriptovaluta - előadáskivonat, Adózás - előadáskivonat | ||
| 711 | |a Az állam és jog digitális környezete a 21. században |c Online |d 2022. május 13. | ||
| 856 | 4 | 0 | |u http://acta.bibl.u-szeged.hu/77809/1/szegedi_jogasz_doktorandusz_konf_012_037.pdf |z Dokumentum-elérés |